Statystyki dla Państwa bez koloru czerwonego na fladzę

Kliknij tutaj aby rozwiązać quiz!

Ogólne statystyki

  • Ten quiz został rozwiązany 54 razy
  • Średni wynik to 12 z 29

Statystyki odpowiedzi

Państwo% Poprawnych
Szwecja
79%
Ukraina
77%
Finlandia
73%
Argentyna
71%
Brazylia
69%
Estonia
67%
Irlandia
63%
Arabia saudyjska
60%
Grecja
56%
Indie
50%
Jamajka
50%
Niger
50%
Nigeria
50%
Urugwaj
48%
Bośnia i Hercegowina
38%
Honduras
35%
Izrael
35%
Somalia
35%
Pakistan
33%
Saint Lucia
31%
Wybrzeże Kości Słoniowej
31%
Bahamy
23%
Barbados
23%
Tanzania
23%
Bhutan
17%
Wyspy Salomona
15%
Gabon
13%
Rwanda
13%
Sierra Leone
8%

Rozkład punktacji

Percentyl według liczby udzielonych odpowiedzi

Procent ludzi z każdym wynikiem

Twoja historia wyników

Nie rozwiązałeś tego quizu